Normal view
MARC view
- Eurasia
Entry Geographic Name
001 - CONTROL NUMBER
- control field: 110053
003 - CONTROL NUMBER IDENTIFIER
- control field: NUST
005 - DATE AND TIME OF LATEST TRANSACTION
- control field: 20230309111242.0
008 - FIXED-LENGTH DATA ELEMENTS
- fixed length control field: 230309|| aca||aabn | a|a d
040 ## - CATALOGING SOURCE
- Original cataloging agency: NUST
- Transcribing agency: NUST
151 ## - HEADING--GEOGRAPHIC NAME
- Geographic name: Eurasia
- General subdivision: Foreign relations
670 ## - SOURCE DATA FOUND
- Source citation: Work cat.: (NUST)0: Beyond Europe :
